Methods for social work research (Record no. 7416)
[ view plain ]
| 000 -LEADER | |
|---|---|
| fixed length control field | 00919 a2200445 4500 |
| 000 - LEADER | |
| fixed length control field | BKB |
| 001 - CONTROL NUMBER | |
| control field | 133088 |
| 005 - DATE AND TIME OF LATEST TRANSACTION | |
| control field | 20200902152042.0 |
| 008 - FIXED-LENGTH DATA ELEMENTS--GENERAL INFORMATION | |
| fixed length control field | |
| 010 ## - LIBRARY OF CONGRESS CONTROL NUMBER | |
| LC control number | |
| 020 ## - INTERNATIONAL STANDARD BOOK NUMBER | |
| International Standard Book Number | 9788131513781 |
| 082 ## - DEWEY DECIMAL CLASSIFICATION NUMBER | |
| Classification number | 361.32072 |
| Item number | R82M |
| 100 1# - MAIN ENTRY--PERSONAL NAME | |
| Personal name | Rubin, Allen |
| 110 ## - MAIN ENTRY--CORPORATE NAME | |
| Corporate name or jurisdiction name as entry element | |
| 245 1# - TITLE STATEMENT | |
| Title | Methods for social work research |
| Statement of responsibility, etc | by Allen Rubin and Earl Babbie |
| 250 ## - EDITION STATEMENT | |
| Edition statement | |
| 260 ## - PUBLICATION, DISTRIBUTION, ETC. (IMPRINT) | |
| Place of publication, distribution, etc | New Delhi |
| Name of publisher, distributor, etc | Cengage Learning |
| Date of publication, distribution, etc | 2010 |
| 300 ## - PHYSICAL DESCRIPTION | |
| Extent | 362p. |
| 490 ## - SERIES STATEMENT | |
| Series statement | |
| Volume number/sequential designation | |
| 500 ## - GENERAL NOTE | |
| General note | |
| 600 ## - SUBJECT ADDED ENTRY--PERSONAL NAME | |
| Personal name | |
| 610 ## - SUBJECT ADDED ENTRY--CORPORATE NAME | |
| Corporate name or jurisdiction name as entry element | |
| 611 ## - SUBJECT ADDED ENTRY--MEETING NAME | |
| Meeting name or jurisdiction name as entry element | |
| 630 ## - SUBJECT ADDED ENTRY--UNIFORM TITLE | |
| Uniform title | MSW |
| 650 ## - SUBJECT ADDED ENTRY--TOPICAL TERM | |
| Topical term or geographic name as entry element | |
| 651 ## - SUBJECT ADDED ENTRY--GEOGRAPHIC NAME | |
| Geographic name | |
| 654 ## - SUBJECT ADDED ENTRY--FACETED TOPICAL TERM | |
| Focus term | |
| 690 ## - LOCAL SUBJECT ADDED ENTRY--TOPICAL TERM (OCLC, RLIN) | |
| Topical term or geographic name as entry element | Social service-Research; Social workers |
| 700 ## - ADDED ENTRY--PERSONAL NAME | |
| Personal name | Babbie, Earl |
| Numeration | |
| Titles and other words associated with a name | |
| 710 ## - ADDED ENTRY--CORPORATE NAME | |
| Corporate name or jurisdiction name as entry element | |
| Subordinate unit | |
| Location of meeting | |
| 711 ## - ADDED ENTRY--MEETING NAME | |
| Meeting name or jurisdiction name as entry element | |
| 720 ## - ADDED ENTRY--UNCONTROLLED NAME | |
| Name | |
| 730 ## - ADDED ENTRY--UNIFORM TITLE | |
| Uniform title | |
| 740 ## - ADDED ENTRY--UNCONTROLLED RELATED/ANALYTICAL TITLE | |
| Uncontrolled related/analytical title | |
| 752 ## - ADDED ENTRY--HIERARCHICAL PLACE NAME | |
| Country or larger entity | |
| 856 ## - ELECTRONIC LOCATION AND ACCESS | |
| Host name | |
| Path | |
| Electronic name | |
| 904 ## - LOCAL DATA ELEMENT D, LDD (RLIN) | |
| a | |
| 964 ## - | |
| -- | |
| -- | |
| -- | |
| -- | |
| -- | |
| -- | |
| -- | |
| 965 ## - | |
| -- | |
| Withdrawn status | Lost status | Damaged status | Not for loan | Home library | Current library | Date acquired | Cost, normal purchase price | Total Checkouts | Full call number | Barcode | Date last seen | Price effective from | Koha item type | Date checked out |
|---|---|---|---|---|---|---|---|---|---|---|---|---|---|---|
| Central University Of Rajasthan | Central University Of Rajasthan | 16/01/2013 | 0.00 | 361.32072 R82M | 10904 | 21/11/2024 | 02/09/2020 | Books | ||||||
| Central University Of Rajasthan | Central University Of Rajasthan | 23/08/2012 | 1 | 361.32072 R82M | 10686 | 10/03/2026 | 02/09/2020 | Books | 23/02/2026 |
